Sports Quiz

Random Sports Quiz

Newcastle United 2002-03 scorers Quiz Stats

Quiz not verified by Sporcle

Challenge
Share
Tweet
Embed
Score 0/89 Timer 07:00
0 Plays Today
Game Scorer % Correct
West HamAlan Shearer
100%
Zeljeznicar (Champions League)Alan Shearer
100%
LiverpoolAlan Shearer
100%
SunderlandAlan Shearer
100%
West BromAlan Shearer
100%
West BromAlan Shearer
100%
BlackburnAlan Shearer
100%
BlackburnAlan Shearer
100%
Dynamo Kiev (Champions League)Alan Shearer
100%
Manchester UnitedAlan Shearer
100%
EvertonAlan Shearer
100%
Aston VillaAlan Shearer
100%
BoltonAlan Shearer
100%
BoltonAlan Shearer
100%
TottenhamAlan Shearer
100%
Wolves (FA Cup)Alan Shearer
100%
Manchester CityAlan Shearer
100%
LeedsAlan Shearer
100%
Bayer Leverkusen (Champions League)Alan Shearer
100%
Bayer Leverkusen (Champions League)Alan Shearer
100%
Bayer Leverkusen (Champions League)Alan Shearer
100%
Inter Milan (Champions League)Alan Shearer
100%
Inter Milan (Champions League)Alan Shearer
100%
CharltonAlan Shearer
100%
FulhamAlan Shearer
100%
LiverpoolGary Speed
98.4%
CharltonLaurent Robert
98.4%
Dynamo Kiev (Champions League)Gary Speed
98.4%
TottenhamGary Speed
98.4%
LiverpoolLaurent Robert
98.4%
Game Scorer % Correct
ArsenalLaurent Robert
98.4%
BlackburnLaurent Robert
98.4%
EvertonLaurent Robert
98.4%
SunderlandCraig Bellamy
95.3%
Feyenoord (Champions League)Craig Bellamy
95.3%
Feyenoord (Champions League)Craig Bellamy
95.3%
Manchester UnitedCraig Bellamy
95.3%
EvertonCraig Bellamy
95.3%
SouthamptonCraig Bellamy
95.3%
FulhamCraig Bellamy
95.3%
West HamCraig Bellamy
95.3%
Manchester CityCraig Bellamy
95.3%
BlackburnCraig Bellamy
95.3%
Zeljeznicar (Champions League)Kieron Dyer
93.8%
West HamNolberto Solano
93.8%
Zeljeznicar (Champions League)Kieron Dyer
93.8%
BirminghamNolberto Solano
93.8%
Everton (League Cup)Kieron Dyer
93.8%
Everton (League Cup)Kieron Dyer
93.8%
Inter Milan (Champions League)Nolberto Solano
93.8%
FulhamNolberto Solano
93.8%
LeedsKieron Dyer
93.8%
LeedsKieron Dyer
93.8%
CharltonNolberto Solano
93.8%
BlackburnNolberto Solano
93.8%
Aston VillaNolberto Solano
93.8%
SunderlandNolberto Solano
93.8%
BirminghamShola Ameobi
92.2%
MiddlesbroughShola Ameobi
92.2%
SouthamptonShola Ameobi
92.2%
Game Scorer % Correct
Barcelona (Champions League)Shola Ameobi
92.2%
BoltonShola Ameobi
92.2%
Bayer Leverkusen (Champions League)Shola Ameobi
92.2%
Bayer Leverkusen (Champions League)Shola Ameobi
92.2%
Manchester UnitedShola Ameobi
92.2%
Manchester UnitedOlivier Bernard
81.3%
Wolves (FA Cup)Jermaine Jenas
81.3%
West HamJermaine Jenas
81.3%
BoltonJermaine Jenas
81.3%
TottenhamJermaine Jenas
81.3%
ChelseaOlivier Bernard
81.3%
BlackburnJermaine Jenas
81.3%
Manchester UnitedJermaine Jenas
81.3%
West BromJermaine Jenas
81.3%
Zeljeznicar (Champions League)Hugo Viana
79.7%
Feyenoord (Champions League)Hugo Viana
79.7%
SouthamptonAaron Hughes
79.7%
BirminghamHugo Viana
79.7%
West BromHugo Viana
79.7%
Juventus (Champions League)Andy Griffin
78.1%
CharltonAndy Griffin
78.1%
West HamLomana Lualua
76.6%
West HamLomana Lualua
76.6%
Zeljeznicar (Champions League)Lomana Lualua
76.6%
Bayer Leverkusen (Champions League)Lomana Lualua
76.6%
ChelseaHasselbaink (og)
54.7%
Everton (League Cup)Pistone (og)
53.1%
BlackburnGresko (og)
53.1%
MiddlesbroughSteven Caldwell
50%

You're not logged in!

Compare scores with friends on all Sporcle quizzes.
Join for Free
OR
Log In

You Might Also Like...

Show Comments

Extras

Top Quizzes Today


Score Distribution

Your Account Isn't Verified!

In order to create a playlist on Sporcle, you need to verify the email address you used during registration. Go to your Sporcle Settings to finish the process.

Report this User

Report this user for behavior that violates our Community Guidelines.

Details: